Statistics for Richest American Countries

Click here to take the quiz!

General Stats

  • This quiz has been taken 22 times
  • The average score is 6 of 10

Answer Stats

HintAnswer% Correct
$46,510Canada
100%
$59,928United States
100%
$30,495Bahamas
71%
$31,645Trinidad and Tobago
71%
$17,110Costa Rica
67%
$23,522Antigua and Barbuda
62%
$18,559Barbados
62%
$28,636St Kitts and Nevis
62%
$16,064Dominican Republic
43%
$39,493Aruba
5%

Score Distribution

Percentile by Number Answered

Percent of People with Each Score

Your Score History

You have not taken this quiz